00875cam a2200241 a 450000100100000000500170001000800410002702000150006804000290008308200190011210000300013124500490016126000410021030000210025149000590027265000260033165000300035783000660038791000340045304900090048795201220049699900150061800000988220200929161739.0960523s1995 mx 000 f spa d a9681902459 aDO-SdBNPbspacLCdBNPHU aA863.42bC827d1 aCortázar, Julio.92278210aDiario de Andrés Fava /cJulio Cortázar. aMéxico, D. F. :bAlfaguara,c1995. a126 p. ;c22 cm.1 aBiblioteca Julio Cortázarv22aAlfaguara Literaturas 4aNovela mexicana93959 4aLiteratura mexicana91922 0aBiblioteca Julio Cortázarv22pAlfaguara Literaturas924815 aCatalogación por copia / LC aBNGR 001052708MOaGRbGRcCTd2009-10-01iLF1l0oA863.42 C827dp9882-10r2020-06-25w2020-06-25y2ZPréstamo interno c9641d9641